[Event "LGA Premium Cup"]
[Site "schach.lga.de"]
[Date "2005.09.08"]
[Round "1.29"]
[White "Schirra, Frank"]
[Black "Dinger, Florian"]
[Result "0-1"]
[WhiteElo "1650"]
[BlackElo "2179"]
[PlyCount "120"]
[EventDate "2005.09.08"]
[SourceDate " "]

1. c4 e5 2. Nc3 Nf6 3. g3 d5 4. cxd5 Nxd5 5. Bg2 Nb6 6. d3 Be7 7. Nf3 Nc6 8.
O-O O-O 9. a3 Re8 10. b4 Bf8 11. Bb2 Bg4 12. Rc1 Nd4 13. e3 Nxf3+ 14. Bxf3 Bxf3
15. Qxf3 c6 16. Rfd1 a6 17. Ne4 Qd5 18. d4 Nc4 19. Qg4 Re6 20. dxe5 Nxe5 21.
Bxe5 Qxe5 22. Nc5 Bxc5 23. Rxc5 Qc7 24. Rc4 a5 25. Rcd4 axb4 26. Rd7 Qc8 27.
Qf5 Rf6 28. Qd3 h6 29. axb4 b6 30. Rd8+ Qxd8 31. Qxd8+ Rxd8 32. Rxd8+ Kh7 33.
Rb8 b5 34. Rc8 Rd6 35. Kg2 Rd2 36. Rxc6 Rb2 37. Rb6 Rxb4 38. Rb7 Kg6 39. Rb6+
f6 40. Rb7 Rb2 41. Kf3 b4 42. Rb5 b3 43. h4 h5 44. Rb7 Rb1 45. Rb5 b2 46. Rb7
Kf5 47. Rb5+ Ke6 48. Rb6+ Kd5 49. Rb5+ Kc4 50. Rb8 Kc3 51. Rc8+ Kd2 52. Rd8+
Ke1 53. Rb8 Kf1 54. Rb7 g5 55. hxg5 fxg5 56. e4 g4+ 57. Kf4 Kxf2 58. e5 Kg2 59.
Kg5 Kxg3 60. Rb3+ Kh2 0-1

[Event "LGA Premium Cup"]
[Site "schach.lga.de"]
[Date "2005.09.08"]
[Round "1.30"]
[White "Rosenberger, Frank"]
[Black "Hofer, Markus"]
[Result "1-0"]
[WhiteElo "2169"]
[BlackElo "1645"]
[PlyCount "45"]
[EventDate "2005.09.08"]
[SourceDate " "]

1. e4 Nf6 2. e5 Nd5 3. Nc3 Nxc3 4. bxc3 Nc6 5. d4 d6 6. f4 dxe5 7. fxe5 e6 8.
Nf3 Be7 9. Bd3 O-O 10. O-O a6 11. Qe1 f5 12. exf6 Bxf6 13. Qe4 g6 14. Bc4 Re8
15. a3 Kg7 16. Bf4 Ne7 17. Ne5 Nd5 18. Bh6+ Kg8 19. Rf3 Bg7 20. Bxg7 Kxg7 21.
Raf1 b5 22. Nf7 h6 23. Nxd8 1-0

[Event "LGA Premium Cup"]
[Site "schach.lga.de"]
[Date "2005.09.08"]
[Round "1.31"]
[White "Deinlein, Albert"]
[Black "Gohlke, Herbert"]
[Result "0-1"]
[WhiteElo "1630"]
[BlackElo "2166"]
[PlyCount "68"]
[EventDate "2005.09.08"]
[SourceDate " "]

1. e4 Nc6 2. Nf3 e5 3. c3 d6 4. d4 Be7 5. d5 Nb8 6. Be2 Nf6 7. Qc2 Nbd7 8. O-O
c6 9. c4 c5 10. Nc3 O-O 11. Bd2 Re8 12. a3 Bf8 13. Ne1 g6 14. Nd3 Bg7 15. Rfb1
Nb6 16. Ne1 Rf8 17. b4 Nbd7 18. a4 cxb4 19. Rxb4 Nc5 20. a5 Na6 21. Rb2 Nd7 22.
Nb5 Ndc5 23. Be3 f5 24. f3 fxe4 25. fxe4 Nxe4 26. Bd3 Nec5 27. Bxg6 hxg6 28.
Qxg6 Qf6 29. Qxf6 Rxf6 30. Bxc5 Nxc5 31. Nc7 Rb8 32. Ne8 Rg6 33. Nxg7 Rxg7 34.
Re2 Bg4 0-1

[Event "LGA Premium Cup"]
[Site "schach.lga.de"]
[Date "2005.09.08"]
[Round "1.32"]
[White "Promyshlyanskiy, Vitaly"]
[Black "Hager, Lothar"]
[Result "1-0"]
[WhiteElo "2164"]
[BlackElo "1625"]
[PlyCount "87"]
[EventDate "2005.09.08"]
[SourceDate " "]

1. e4 c5 2. Nc3 e6 3. f4 a6 4. g3 Nc6 5. Bg2 Nd4 6. d3 Ne7 7. Nce2 Nec6 8. c3
Nb5 9. Nf3 Be7 10. O-O O-O 11. g4 Nc7 12. Ng3 Ne8 13. g5 g6 14. Qe2 Ng7 15. h4
Qc7 16. Be3 d6 17. h5 Bd7 18. Kf2 f6 19. hxg6 hxg6 20. Rh1 fxg5 21. fxg5 Ne5
22. Rh4 d5 23. Rah1 c4 24. Rh8+ Kf7 25. Nxe5+ Qxe5 26. Qf3+ Ke8 27. Bd4 Qxg5
28. Bxg7 Bb5 29. Rxf8+ Kd7 30. Bh6 Rxf8 31. Bxg5 Rxf3+ 32. Bxf3 Bxg5 33. d4 Bc6
34. Rh7+ Kc8 35. exd5 exd5 36. Ne2 Kb8 37. Kg3 Bd2 38. Re7 Ka7 39. Re5 g5 40.
Bxd5 Ba4 41. Re7 Bd1 42. Rxb7+ Ka8 43. Re7+ Kb8 44. Bxc4 1-0

[Event "LGA Premium Cup"]
[Site "schach.lga.de"]
[Date "2005.09.08"]
[Round "1.33"]
[White "Rosenzweig, Jürgen"]
[Black "Bunk, Karsten"]
[Result "0-1"]
[WhiteElo "1604"]
[BlackElo "2162"]
[PlyCount "50"]
[EventDate "2005.09.08"]
[SourceDate " "]

1. e4 c5 2. d3 d6 3. g3 g6 4. Bg2 Bg7 5. f4 Nc6 6. Nf3 e6 7. Nc3 Rb8 8. Ne2 b5
9. c3 b4 10. d4 bxc3 11. bxc3 cxd4 12. cxd4 Ba6 13. a3 Bxe2 14. Kxe2 Nf6 15.
Qd3 Qa5 16. Be3 Rb2+ 17. Nd2 Ng4 18. Bg1 O-O 19. h3 Nf6 20. Be3 Nh5 21. Kf3
Nxd4+ 22. Bxd4 Rxd2 23. Qxd2 Qxd2 24. Be3 Qc3 25. Rhd1 Qxa1 0-1

[Event "LGA Premium Cup"]
[Site "schach.lga.de"]
[Date "2005.09.08"]
[Round "1.34"]
[White "Schmitz, Andreas Arnold"]
[Black "Runte, Dirk"]
[Result "1-0"]
[WhiteElo "2159"]
[BlackElo "1604"]
[PlyCount "79"]
[EventDate "2005.09.08"]
[SourceDate " "]

1. e4 e6 2. d4 d5 3. exd5 exd5 4. Nf3 Bd6 5. Be2 Ne7 6. O-O O-O 7. b3 Bf5 8. c4
c5 9. Nc3 cxd4 10. Nxd5 Nbc6 11. Bb2 f6 12. Nxd4 Nxd4 13. Bxd4 Nc6 14. Bb2 Ne5
15. f4 Bc5+ 16. Bd4 Bxd4+ 17. Qxd4 Nc6 18. Qf2 Re8 19. Rfd1 Qc8 20. Bd3 Rb8 21.
Qg3 Rf8 22. Re1 Bxd3 23. Qxd3 Qg4 24. Re3 Rbe8 25. Nxf6+ gxf6 26. Rg3 Qxg3 27.
Qxg3+ Kf7 28. Qh3 Kg8 29. Rd1 Re7 30. Qf5 Rfe8 31. Qxf6 Rf7 32. Qg5+ Rg7 33.
Qd5+ Kf8 34. b4 a6 35. b5 axb5 36. cxb5 Ne7 37. Qxb7 Nf5 38. Rd7 Rge7 39. Rxe7
Rxe7 40. Qc8+ 1-0

[Event "LGA Premium Cup"]
[Site "schach.lga.de"]
[Date "2005.09.08"]
[Round "1.35"]
[White "Gspahn, Thomas"]
[Black "Kotz, Reinhard"]
[Result "0-1"]
[WhiteElo "1601"]
[BlackElo "2156"]
[PlyCount "75"]
[EventDate "2005.09.08"]
[SourceDate " "]

1. e4 c5 2. Nf3 Nf6 3. Nc3 e6 4. d4 cxd4 5. Nxd4 Nc6 6. Be3 Bb4 7. Bc4 O-O 8.
O-O Bxc3 9. bxc3 Nxe4 10. Qg4 d5 11. Bb3 e5 12. Nf5 Bxf5 13. Qxf5 Nxc3 14. f4
e4 15. Rf2 d4 16. Bc1 Qc8 17. Qc5 b6 18. Qc4 Qd7 19. Bb2 Na5 20. Qb4 Nxb3 21.
axb3 e3 22. Rf3 Rac8 23. Bxc3 Rxc3 24. Rd1 e2 25. Re1 Rxc2 26. Rd3 Rd8 27. Kf2
h6 28. Rxe2 Rxe2+ 29. Kxe2 Qg4+ 30. Kf2 Qxf4+ 31. Rf3 Qd6 32. Qxd6 Rxd6 33. Ke2
f6 34. Kd3 Kf7 35. Rf4 Ke6 36. Rxd4 Rxd4+ 37. Kxd4 Kd6 38. b4 0-1

[Event "LGA Premium Cup"]
[Site "schach.lga.de"]
[Date "2005.09.08"]
[Round "1.36"]
[White "Nöckler, Alexander"]
[Black "Kuhlmann, Andreas"]
[Result "1-0"]
[WhiteElo "2142"]
[BlackElo "1593"]
[PlyCount "53"]
[EventDate "2005.09.08"]
[SourceDate " "]

1. c4 e5 2. Nc3 Nf6 3. Nf3 Nc6 4. g3 Bc5 5. Bg2 O-O 6. O-O Re8 7. d3 h6 8. a3
a5 9. Qc2 d5 10. cxd5 Nxd5 11. Nxd5 Qxd5 12. d4 exd4 13. Ng5 Bf5 14. Qa4 Qd6
15. Bf4 Qf6 16. Nf3 Rxe2 17. Qb5 Qe7 18. Qxb7 Qe8 19. Rac1 Rb8 20. Qa6 Rb6 21.
Qc4 Bd6 22. Bxd6 cxd6 23. b4 axb4 24. axb4 Qe6 25. Qxe6 Bxe6 26. Rxc6 Rxb4 27.
Rxd6 1-0

[Event "LGA Premium Cup"]
[Site "schach.lga.de"]
[Date "2005.09.08"]
[Round "1.37"]
[White "Niederkleine, Ingmar"]
[Black "Muth, Roland"]
[Result "0-1"]
[WhiteElo "1593"]
[BlackElo "2129"]
[PlyCount "60"]
[EventDate "2005.09.08"]
[SourceDate " "]

1. d4 Nf6 2. Nc3 d5 3. Nf3 Bf5 4. Bf4 a6 5. e3 e6 6. Bd3 Bxd3 7. Qxd3 Nbd7 8.
O-O Be7 9. Rfe1 O-O 10. Rab1 c5 11. b3 Rc8 12. e4 cxd4 13. Nxd4 e5 14. Nf5 exf4
15. Nxd5 Nxd5 16. exd5 Re8 17. c4 Bb4 18. Rec1 Qf6 19. Nd4 Nc5 20. Qd1 Re1+ 21.
Qxe1 Bxe1 22. Rxe1 Qxd4 23. Rbd1 Qf6 24. d6 g6 25. b4 Ne6 26. c5 Rd8 27. a4 Qc3
28. h3 Qxb4 29. d7 Qxc5 30. Rc1 Qe7 0-1

[Event "LGA Premium Cup"]
[Site "schach.lga.de"]
[Date "2005.09.08"]
[Round "1.38"]
[White "Seeger, Peter"]
[Black "Wittmann, Norbert"]
[Result "1-0"]
[WhiteElo "2116"]
[BlackElo "1568"]
[PlyCount "49"]
[EventDate "2005.09.08"]
[SourceDate " "]

1. d4 Nf6 2. c4 e5 3. dxe5 Ng4 4. Bf4 Nc6 5. Nf3 Bb4+ 6. Nbd2 Qe7 7. a3 Ngxe5
8. Nxe5 Nxe5 9. e3 Bxd2+ 10. Qxd2 d6 11. Be2 Bf5 12. O-O g5 13. Bxe5 Qxe5 14.
Rfd1 O-O-O 15. Qb4 Be4 16. Qa4 Qxb2 17. Bh5 Kb8 18. Rac1 Rhe8 19. c5 Bc6 20.
Qa5 Rxe3 21. cxd6 Rxd6 22. Rxd6 Qxc1+ 23. Rd1 b6 24. Rxc1 bxa5 25. fxe3 1-0

[Event "LGA Premium Cup"]
[Site "schach.lga.de"]
[Date "2005.09.08"]
[Round "1.39"]
[White "Küffner, Christian"]
[Black "Schneider, David"]
[Result "0-1"]
[WhiteElo "1567"]
[BlackElo "2113"]
[PlyCount "78"]
[EventDate "2005.09.08"]
[SourceDate " "]

1. e4 c5 2. Nf3 e6 3. d4 cxd4 4. Nxd4 a6 5. Nc3 b5 6. a3 Bb7 7. Be2 Qc7 8. Be3
Nf6 9. Qd3 d6 10. f4 Nbd7 11. Nb3 Be7 12. Bf3 O-O 13. Rd1 Rfd8 14. O-O Nc5 15.
Nxc5 dxc5 16. Qe2 Rxd1 17. Rxd1 b4 18. axb4 cxb4 19. Na4 Bxe4 20. Bxe4 Nxe4 21.
Nb6 Rd8 22. Rxd8+ Qxd8 23. Qd3 Qxd3 24. cxd3 Bc5 25. Nc4 Bxe3+ 26. Nxe3 Nc5 27.
d4 Nd3 28. Nc2 a5 29. b3 Nxf4 30. Kf2 Nd3+ 31. Ke3 Nc1 32. Na1 a4 33. Kd2 Nxb3+
34. Nxb3 axb3 35. Kc1 Kf8 36. Kb2 Ke7 37. Kxb3 Kd6 38. Kxb4 Kd5 39. Kc3 Ke4 {
Rest nicht nachvollziehbar} 0-1

[Event "LGA Premium Cup"]
[Site "schach.lga.de"]
[Date "2005.09.08"]
[Round "1.40"]
[White "Baeuml, Ulrich"]
[Black "Gemmel, Jürgen"]
[Result "1-0"]
[WhiteElo "2108"]
[BlackElo "1560"]
[PlyCount "77"]
[EventDate "2005.09.08"]
[SourceDate " "]

1. c4 Nf6 2. g3 e6 3. Bg2 d5 4. Nf3 Be7 5. O-O O-O 6. Qc2 c5 7. d4 Nbd7 8. Nbd2
b6 9. b3 Bb7 10. Bb2 Rc8 11. Rac1 Bd6 12. Qb1 Bb8 13. Rfd1 Re8 14. dxc5 bxc5
15. e3 Qe7 16. Qa1 Red8 17. Re1 Ba8 18. Nh4 Bc7 19. cxd5 Bxd5 20. e4 Ba8 21.
Nc4 g5 22. e5 Ne8 23. Bxa8 Rxa8 24. Nf3 Ng7 25. h4 g4 26. Ng5 h6 27. Ne4 Kf8
28. Ned6 Nb6 29. Na5 Nd5 30. Nc6 Qd7 31. Nxd8 Qxd8 32. Rxc5 Bb6 33. Rc4 Ne8 34.
Nxe8 Kxe8 35. Rxg4 Ke7 36. Ba3+ Kd7 37. Qd1 Kc7 38. Qd3 Qh8 39. Qa6 1-0

[Event "LGA Premium Cup"]
[Site "schach.lga.de"]
[Date "2005.09.08"]
[Round "1.41"]
[White "Rottner, Wolfgang"]
[Black "Grimberg, Boris"]
[Result "0-1"]
[WhiteElo "1560"]
[BlackElo "2104"]
[PlyCount "66"]
[EventDate "2005.09.08"]
[SourceDate " "]

1. e4 c5 2. c3 g6 3. d4 cxd4 4. cxd4 Bg7 5. Nf3 d6 6. Nc3 Nc6 7. Bb5 a6 8. Be2
Nf6 9. h3 d5 10. e5 Ne4 11. Be3 Nxc3 12. bxc3 O-O 13. O-O Na5 14. Nd2 Qc7 15.
Rc1 b5 16. Bd3 Bb7 17. f4 Nc4 18. Bf2 Bh6 19. g3 Qd7 20. Kg2 Nb2 21. Qc2 Nxd3
22. Qxd3 a5 23. Nb3 Bc8 24. Rh1 Qc6 25. Nc5 Rd8 26. Qf3 Bf8 27. h4 h5 28. Rb1
Bf5 29. Rb2 e6 30. Re1 Bxc5 31. dxc5 Be4 32. Rxe4 dxe4 33. Qe2 e3+ 0-1

[Event "LGA Premium Cup"]
[Site "schach.lga.de"]
[Date "2005.09.08"]
[Round "1.42"]
[White "Sippl, Martin"]
[Black "Classen, Anton"]
[Result "1/2-1/2"]
[WhiteElo "2092"]
[BlackElo "1546"]
[PlyCount "96"]
[EventDate "2005.09.08"]
[SourceDate " "]

1. e4 Nf6 2. Nc3 d5 3. e5 Nfd7 4. d4 e6 5. Nce2 c5 6. c3 Nc6 7. f4 cxd4 8. cxd4
Be7 9. Nf3 O-O 10. Nc3 a6 11. Be3 b5 12. Bd3 Nb6 13. Qb1 g6 14. O-O Nc4 15. Bf2
Rb8 16. Nd1 Kg7 17. Ne3 Nxe3 18. Bxe3 f5 19. Qd1 Bb7 20. Rc1 Qa5 21. Bb1 Qb6
22. h4 h5 23. Ng5 Bxg5 24. hxg5 Rbc8 25. Rc5 Rf7 26. Qc1 Rfc7 27. Rf2 Na5 28.
b4 Nc4 29. Rc2 Bc6 30. Bf2 Be8 31. Be1 Kg8 32. Kh2 Kg7 33. Kg3 Kg8 34. a3 Kg7
35. Ba2 Kg8 36. Bb3 Kg7 37. Bf2 Kg8 38. Ra2 Kg7 39. Qc3 Rxc5 40. dxc5 Qb7 41.
Bd4 Bc6 42. Bd1 Rh8 43. Kh4 Rd8 44. Be2 Rh8 45. Ra1 Rd8 46. Rd1 Qa8 47. Ra1 Qb7
48. Bd1 Rh8 1/2-1/2

[Event "LGA Premium Cup"]
[Site "schach.lga.de"]
[Date "2005.09.08"]
[Round "1.43"]
[White "Häßlein, Rainer"]
[Black "Bildt, Thomas"]
[Result "1/2-1/2"]
[WhiteElo "1535"]
[BlackElo "2084"]
[PlyCount "31"]
[EventDate "2005.09.08"]
[SourceDate " "]

1. e4 e5 2. Nf3 Nc6 3. Bc4 Bc5 4. O-O d6 5. h3 h5 6. c3 Bg4 7. d4 exd4 8. hxg4
hxg4 9. Nxd4 Qh4 10. Bxf7+ Kxf7 11. Qb3+ Kf8 12. Ne6+ Ke8 13. Nxg7+ Kf8 14.
Ne6+ Ke8 15. Ng7+ Kf8 16. Ne6+ 1/2-1/2

[Event "LGA Premium Cup"]
[Site "schach.lga.de"]
[Date "2005.09.08"]
[Round "1.44"]
[White "Seyb, Alexander"]
[Black "Walter, Florian"]
[Result "0-1"]
[WhiteElo "2081"]
[BlackElo "1528"]
[PlyCount "68"]
[EventDate "2005.09.08"]
[SourceDate " "]

1. e4 d6 2. d4 Nf6 3. Nc3 g6 4. f4 Bg7 5. Nf3 O-O 6. Be3 Nbd7 7. e5 Ng4 8. Bg1
c5 9. e6 fxe6 10. Ng5 Ndf6 11. dxc5 h6 12. Nf3 Nh5 13. g3 Bxc3+ 14. bxc3 Qa5
15. Qd4 e5 16. Qd2 exf4 17. cxd6 exd6 18. Bd4 fxg3 19. Nh4 g5 20. hxg3 Re8+ 21.
Kd1 Nxg3 22. Qd3 Ne4 23. Qf3 Ngf2+ 24. Ke1 Bg4 25. Qg2 gxh4 26. Rxh4 Qf5 27.
Bc4+ Kh7 28. Rxg4 Nxg4 29. Be2 Ngf6 30. Rb1 b6 31. Rb5 Qg6 32. Qf3 Ng3 33. Bxf6
Rxe2+ 34. Kd1 Qxc2# 0-1

[Event "LGA Premium Cup"]
[Site "schach.lga.de"]
[Date "2005.09.08"]
[Round "1.45"]
[White "Hennemann, Herbert"]
[Black "Birkmann, Günther"]
[Result "0-1"]
[WhiteElo "1524"]
[BlackElo "2078"]
[PlyCount "58"]
[EventDate "2005.09.08"]
[SourceDate " "]

1. d4 Nf6 2. Nf3 e6 3. Bg5 c5 4. e4 Qb6 5. Bxf6 Qxb2 6. Be5 Qxa1 7. d5 Qxa2 8.
Nc3 Qa5 9. Qd2 d6 10. Nb5 Qxd2+ 11. Kxd2 dxe5 12. d6 Na6 13. Nxe5 f6 14. Nc4
Bd7 15. Na5 g6 16. Nxb7 Rb8 17. Na3 Rxb7 18. Bxa6 Rb6 19. Bd3 Bxd6 20. Nc4 Bf4+
21. Ke2 Rb4 22. g3 Be5 23. Kd2 O-O 24. f4 Bc7 25. Ra1 Ra4 26. Rb1 Bc6 27. f5
exf5 28. exf5 Rd8 29. Ne3 c4 0-1

[Event "LGA 2005"]
[Site "?"]
[Date "2005.09.08"]
[Round "1.46"]
[White "Lange, Carsten"]
[Black "Schmitz, Stefan"]
[Result "1-0"]
[WhiteElo "2077"]
[BlackElo "1521"]
[PlyCount "49"]
[EventDate "2005.09.08"]
[SourceDate " "]

1. Nf3 d5 2. c4 c6 3. g3 Nf6 4. Bg2 Nbd7 5. O-O e5 6. d3 Bc5 7. Nc3 O-O 8. cxd5
cxd5 9. Bg5 d4 10. Ne4 Be7 11. Nxf6+ Bxf6 12. Qd2 Bxg5 13. Nxg5 h6 14. Nf3 Qe7
15. Rfc1 Nb6 16. Qa5 f6 17. Nh4 Qf7 18. Rc2 Be6 19. Rac1 Bxa2 20. Rc7 Qe6 21.
Bxb7 Rab8 22. Qxa7 Bd5 23. Bxd5 Nxd5 24. Rxg7+ Kh8 25. Ng6# 1-0

[Event "LGA Premium Cup"]
[Site "schach.lga.de"]
[Date "2005.09.08"]
[Round "1.47"]
[White "Frey, Alisa"]
[Black "Seidel, Michael"]
[Result "0-1"]
[WhiteElo "1520"]
[BlackElo "2076"]
[PlyCount "90"]
[EventDate "2005.09.08"]
[SourceDate " "]

1. e4 d6 2. d4 Nf6 3. Nc3 g6 4. Nf3 Bg7 5. Be3 c6 6. Be2 b5 7. a3 a6 8. O-O O-O
9. Qd2 Re8 10. Rad1 Bb7 11. Ng5 Qc8 12. e5 dxe5 13. dxe5 Nd5 14. Nxd5 cxd5 15.
f4 e6 16. Bd3 Nc6 17. Qf2 Qd8 18. Qg3 Ne7 19. Qh3 h6 20. Nf3 Nf5 21. Bf2 h5 22.
Bxf5 exf5 23. Nd4 Rc8 24. Bh4 Qb6 25. Kh1 b4 26. axb4 Qxb4 27. b3 Qb6 28. Qd3
a5 29. Ra1 Ba6 30. Qd2 Bxf1 31. Rxf1 Ra8 32. Rd1 a4 33. bxa4 Rxa4 34. Bf2 Qa6
35. Nb3 Qc4 36. h3 Qxf4 37. Qxf4 Rxf4 38. Bg3 Rc4 39. Rxd5 Rxc2 40. Kh2 h4 41.
Bxh4 Bxe5+ 42. Kg1 f6 43. Nc5 Rxc5 44. Rxc5 Bd4+ 45. Bf2 Re1+ 0-1

[Event "LGA Premium Cup"]
[Site "schach.lga.de"]
[Date "2005.09.08"]
[Round "1.48"]
[White "Hettler, Wolfgang"]
[Black "Lingl, Xenia"]
[Result "1-0"]
[WhiteElo "2077"]
[BlackElo "1511"]
[PlyCount "87"]
[EventDate "2005.09.08"]
[SourceDate " "]

1. d4 d5 2. Nf3 e6 3. e3 Nf6 4. Bd3 b6 5. O-O Bb7 6. Re1 Bd6 7. b3 O-O 8. c4
dxc4 9. Bxc4 Nbd7 10. Qe2 Qc8 11. Bb2 c5 12. Nbd2 Re8 13. Rac1 Qd8 14. Red1 Ne4
15. Nxe4 Bxe4 16. dxc5 Bxf3 17. Qxf3 Bxc5 18. Bb5 Re7 19. Qg3 e5 20. Qh3 h6 21.
Bxd7 Qc7 22. Bf5 g6 23. Be4 Rd8 24. Bd5 Red7 25. e4 Qb8 26. Qg3 Bd6 27. a3 a5
28. Qf3 Re7 29. Qf6 Rdd7 30. Rc6 Bc5 31. b4 Bd6 32. Rdc1 Re8 33. Bxf7+ Rxf7 34.
Qxd6 Qxd6 35. Rxd6 Rb7 36. b5 Kg7 37. Rd5 Rbe7 38. f4 Kf6 39. Rc6+ Re6 40.
Rxe6+ Rxe6 41. Rxe5 Rxe5 42. Bxe5+ Ke6 43. a4 Ke7 44. Bc7 1-0

[Event "LGA Premium Cup"]
[Site "schach.lga.de"]
[Date "2005.09.08"]
[Round "1.49"]
[White "Gude, Michael"]
[Black "Vogiatzis, Dimitrios"]
[Result "0-1"]
[WhiteElo "1510"]
[BlackElo "2070"]
[PlyCount "40"]
[EventDate "2005.09.08"]
[SourceDate " "]

1. e4 e5 2. Nf3 d5 3. Qe2 dxe4 4. Qxe4 Bd6 5. Bb5+ c6 6. Bc4 Nf6 7. Qe3 O-O 8.
Nc3 e4 9. Ng1 b5 10. Bb3 a5 11. a3 Na6 12. h3 Nc5 13. Nge2 Ba6 14. Nd4 Re8 15.
O-O Qc7 16. Nf5 Nxb3 17. Qg5 Bf8 18. cxb3 b4 19. Nd1 Bxf1 20. Kxf1 Nd5 0-1

[Event "LGA Premium Cup"]
[Site "schach.lga.de"]
[Date "2005.09.08"]
[Round "1.50"]
[White "Schmitz, Manuela"]
[Black "Rosner, Peter"]
[Result "1-0"]
[WhiteElo "2051"]
[BlackElo "1508"]
[PlyCount "55"]
[EventDate "2005.09.08"]
[SourceDate " "]

1. d4 Nf6 2. c4 e6 3. Nf3 Be7 4. Nc3 d5 5. Bg5 O-O 6. e3 Nbd7 7. Rc1 h6 8. Bh4
a6 9. Qc2 dxc4 10. Bxc4 b5 11. Be2 Bb7 12. O-O Rc8 13. Rfd1 Qe8 14. Qb1 Nd5 15.
Nxd5 Bxd5 16. Bxe7 Qxe7 17. e4 Bb7 18. b4 Nf6 19. Bd3 Rfd8 20. a3 g5 21. Bc2
Nh5 22. Qb3 Nf6 23. Qe3 Ng4 24. Qe2 Nf6 25. Bb1 Ba8 26. e5 Nh7 27. Qd3 f5 28.
exf6 1-0

[Event "LGA Premium Cup"]
[Site "schach.lga.de"]
[Date "2005.09.08"]
[Round "1.51"]
[White "Röckl, Adelbert"]
[Black "Pühn, Georg"]
[Result "0-1"]
[WhiteElo "1446"]
[BlackElo "2046"]
[PlyCount "42"]
[EventDate "2005.09.08"]
[SourceDate " "]

1. d4 d5 2. Nc3 Nf6 3. Bg5 Nbd7 4. Qd3 c6 5. e4 dxe4 6. Nxe4 Nxe4 7. Qxe4 Qa5+
8. Bd2 Qb6 9. b3 Nf6 10. Qh4 Bf5 11. c4 e6 12. Nf3 Be7 13. c5 Qd8 14. Qf4 Ne4
15. h4 Nxd2 16. Qxd2 Bf6 17. Bd3 Bxd4 18. Nxd4 Qxd4 19. Ke2 O-O-O 20. Rad1 Qg4+
21. f3 Qxg2+ 0-1

[Event "LGA Premium Cup"]
[Site "schach.lga.de"]
[Date "2005.09.08"]
[Round "1.52"]
[White "Süß, Helmut"]
[Black "Beuschel, Uwe"]
[Result "1-0"]
[WhiteElo "2044"]
[BlackElo "1405"]
[PlyCount "61"]
[EventDate "2005.09.08"]
[SourceDate " "]

1. d4 Nf6 2. Nf3 g6 3. g3 Bg7 4. Bg2 d5 5. O-O O-O 6. c4 c6 7. Qb3 Nbd7 8. Nc3
Qb6 9. c5 Qxb3 10. axb3 Re8 11. Bf4 e5 12. Nxe5 Nh5 13. Nf3 Nxf4 14. gxf4 Nf6
15. Ne5 Ng4 16. b4 f6 17. Nf3 Nh6 18. Rfe1 f5 19. b5 Bd7 20. e3 Ng4 21. Bf1 Re7
22. b4 Nf6 23. Ne5 Ne4 24. Nxe4 fxe4 25. Nxd7 Rxd7 26. bxc6 bxc6 27. b5 cxb5
28. Bxb5 Rc7 29. Ra6 Rb8 30. Bc6 Rd8 31. Rb1 1-0

[Event "LGA Premium Cup"]
[Site "schach.lga.de"]
[Date "2005.09.08"]
[Round "1.53"]
[White "Kittler, Alexander"]
[Black "Schlötterer, Hermann"]
[Result "0-1"]
[WhiteElo "1389"]
[BlackElo "2040"]
[PlyCount "110"]
[EventDate "2005.09.08"]
[SourceDate " "]

1. e4 c5 2. d4 cxd4 3. c3 d3 4. Bxd3 Nc6 5. Nf3 g6 6. Bf4 Bg7 7. Nbd2 d6 8. Qe2
Nf6 9. O-O-O Qa5 10. Bb1 Be6 11. Nb3 Bxb3 12. axb3 Rc8 13. e5 dxe5 14. Nxe5 O-O
15. g4 Nd5 16. Nxc6 Rxc6 17. Rxd5 Qxd5 18. Be4 Qe6 19. Qf3 Ra6 20. Bxb7 Ra1+
21. Kc2 Rxh1 22. Qxh1 Qxg4 23. Qf3 Qf5+ 24. Qe4 Rd8 25. Qxf5 gxf5 26. b4 e5 27.
Be3 Bf8 28. Bc6 a6 29. Bb7 Rd6 30. c4 f4 31. Bc5 Rh6 32. Kb3 f5 33. Ka4 e4 34.
Ba7 Rxh2 35. Bxa6 e3 36. fxe3 Rxb2 37. c5 fxe3 38. c6 Ra2+ 39. Kb5 e2 40. Bf2
Bd6 41. Kb6 Rc2 42. b5 Bc5+ 43. Bxc5 e1=Q 44. Bd6 Qe3+ 45. Kb7 Qd4 46. Bb8 Qd5
47. Kb6 Qc5+ 48. Kb7 Qd5 49. Kb6 f4 50. c7 f3 51. c8=Q+ Rxc8 52. Bxc8 f2 53.
Bh3 Qd4+ 54. Kb7 Qe4+ 55. Kc8 Qc4+ 0-1

[Event "LGA Premium Cup"]
[Site "schach.lga.de"]
[Date "2005.09.08"]
[Round "1.54"]
[White "Morgenstern, Petra"]
[Black "Thoma, Dirk"]
[Result "1-0"]
[WhiteElo "2036"]
[BlackElo "1487"]
[PlyCount "101"]
[EventDate "2005.09.08"]
[SourceDate " "]

1. d4 Nf6 2. c4 e6 3. Nc3 b6 4. Nf3 Bb7 5. e3 Be7 6. Be2 O-O 7. O-O d6 8. b3
Nbd7 9. Bb2 Ne4 10. Nxe4 Bxe4 11. Bd3 Bxd3 12. Qxd3 f5 13. Rad1 Bf6 14. Qc2 Qe8
15. Rfe1 Qh5 16. e4 Rae8 17. e5 Be7 18. exd6 Bxd6 19. Ne5 Nxe5 20. dxe5 Bb4 21.
Re3 Bc5 22. Red3 Qg5 23. Bc1 f4 24. Rd7 Rd8 25. Bxf4 Qh4 26. Bg3 Qg5 27. Qd2
Rxd7 28. Qxd7 Qf5 29. Qd2 a5 30. Rf1 Qf7 31. Kh1 Qe7 32. Rd1 Qf7 33. f3 Re8 34.
Bf2 Bxf2 35. Qxf2 c5 36. Qe3 Qe7 37. Rd6 Rd8 38. Qd2 Rxd6 39. exd6 Qf6 40. Qd1
Qd8 41. d7 Kf7 42. Qd6 Kf6 43. Kg1 g5 44. Kf2 h5 45. Ke3 Kf7 46. Ke4 g4 47.
fxg4 hxg4 48. Qf4+ Kg8 49. Qxg4+ Kf7 50. Qh5+ Ke7 51. Qg5+ 1-0

[Event "LGA Premium Cup"]
[Site "schach.lga.de"]
[Date "2005.09.08"]
[Round "1.55"]
[White "Umrath, Stephan"]
[Black "Käck, Ralf"]
[Result "0-1"]
[WhiteElo "1407"]
[BlackElo "2034"]
[PlyCount "80"]
[EventDate "2005.09.08"]
[SourceDate " "]

1. e4 e6 2. d4 d5 3. Nd2 Nf6 4. e5 Nfd7 5. Ngf3 c5 6. c3 Nc6 7. Bb5 Qb6 8. Bxc6
bxc6 9. O-O cxd4 10. cxd4 c5 11. Nb3 Ba6 12. Re1 cxd4 13. Nbxd4 Bc5 14. b3 Rc8
15. Bb2 O-O 16. Re3 Be7 17. h4 Rfe8 18. Ng5 h6 19. Ngf3 Nc5 20. g4 Ne4 21. g5
Kh7 22. Nh2 Rh8 23. Qh5 g6 24. Qg4 hxg5 25. hxg5 Kg7 26. Nhf3 Rh5 27. Bc1 Nxg5
28. Re1 Nxf3+ 29. Nxf3 Rc2 30. Be3 Bc5 31. Ng5 Bxe3 32. Rxe3 Qc6 33. Ree1 Qc5
34. Re3 Rc1+ 35. Rxc1 Qxc1+ 36. Kg2 d4 37. Re4 Rxg5 38. Kf3 Qd1+ 39. Re2 Bxe2+
40. Ke4 Qd3+ 0-1

[Event "LGA Premium Cup"]
[Site "schach.lga.de"]
[Date "2005.09.08"]
[Round "1.56"]
[White "Vogiatzis, Joannis"]
[Black "Lingl, Peter"]
[Result "1-0"]
[WhiteElo "2034"]
[BlackElo "1366"]
[PlyCount "63"]
[EventDate "2005.09.08"]
[SourceDate " "]

1. e4 e5 2. Nf3 Nc6 3. Bb5 Nf6 4. d3 Bc5 5. c3 a6 6. Ba4 d6 7. O-O O-O 8. Be3
Ne7 9. Bxc5 dxc5 10. Nxe5 Ng6 11. Nxg6 fxg6 12. f3 Nh5 13. g3 Qg5 14. Qd2 Nf4
15. Bb3+ Kh8 16. Kh1 Bh3 17. gxf4 Rxf4 18. Rg1 Qh4 19. Qe3 Raf8 20. Nd2 Qh5 21.
Rg3 Rh4 22. Qg5 Bg2+ 23. Kg1 Qxg5 24. Rxg5 Bxf3 25. Nxf3 Rxf3 26. Rg3 Rhf4 27.
Rxf3 Rxf3 28. Rf1 Rxf1+ 29. Kxf1 g5 30. e5 g6 31. e6 Kg7 32. e7 1-0

[Event "LGA Premium Cup"]
[Site "schach.lga.de"]
[Date "2005.09.08"]
[Round "1.57"]
[White "Dreiseitel, Werner"]
[Black "Kaspar, Willi"]
[Result "0-1"]
[WhiteElo "1360"]
[BlackElo "2032"]
[PlyCount "61"]
[EventDate "2005.09.08"]
[SourceDate " "]

1. d4 f5 2. c4 Nf6 3. e3 e6 4. g3 Be7 5. Bg2 O-O 6. Ne2 d6 7. Nbc3 Nbd7 8. b4
Qe8 9. O-O g5 10. f4 g4 11. e4 fxe4 12. Nxe4 Nxe4 13. Bxe4 Nf6 14. Bg2 Qh5 15.
Nc3 Bd7 16. Bb2 Rad8 17. Qc2 Ne8 18. a3 c6 19. Rae1 Ng7 20. d5 Rf6 21. Ne4 Rh6
22. Kf2 e5 23. Rh1 cxd5 24. cxd5 Rc8 25. Qb1 Bd8 26. Bc1 Nf5 27. fxe5 Bb6+ 28.
Kf1 Bb5+ 29. Re2 dxe5 30. Bxh6 Qxh6 31. Qb2 0-1